000
00286nam a22001337a 4500
008
170728b xxu||||| |||| 00| 0 eng d
020
_a
9783486252941
041
_a
eng
080
_a
004
100
_a
31
101
_a
SHK
245
_a
COMPILER-BAU TEIL 1
_c
AHO,A.V
942
_2
udc
_c
BK
999
_c
22092
_d
22092